000 00674nam a2200217 i 4500
001 55784
003 ES-MaACL
005 20230906163223.0
007 t|
008 030926s1978 sp |||| | spa d
100 1 _aBaena, Juan Alfonso de.
_924586
245 1 0 _aDezir que fizo Juan Alfonso de Baena /
_cintroducción y edición de Nancy F. Marino.
260 _a[Valencia] :
_bAlbatros,
_c[1978]
300 _a96 p. ;
_c24 cm.
490 1 _aAlbatros Hispanófila ;
_v3
546 _aTexto español y traducción inglesa.
700 1 _aMarino, Nancy F.
_976855
830 0 _aAlbatros Hispanófila ;
_v3
_9182649
852 _aES-MaACL
_jL-907
999 _c55784
_d55784